|
|
|
|
| LEADER |
00000ntm a22000007u 4500 |
| 001 |
zp46132 |
| 041 |
|
|
|a cze
|
| 100 |
1 |
|
|a Palánová, Michaela
|4 dis
|
| 245 |
1 |
0 |
|a Návrh projektů na zvýšení turistické atraktivnosti mikroregionu Buchlov
|
| 246 |
|
|
|a The Project Proposal to Increase the Tourist Attractiveness of the Microregion of Buchlov
|
| 260 |
|
|
|c 2017
|
| 300 |
|
|
|a 100 s.(119 741 znaků)
|
| 500 |
|
|
|a Studijní obor: Veřejná správa a regionální rozvoj
|
| 500 |
|
|
|a Studijní obor: Public Sector Administration and Regional Development
|
| 500 |
|
|
|a Ústav: Ústav regionálního rozvoje, veřejné správy a práva
|
| 500 |
|
|
|a Univerzita Tomáše Bati ve Zlíně. Fakulta managementu a ekonomiky
|
| 500 |
|
|
|a Tomas Bata University in Zlín. Faculty of Management and Economics
|
| 506 |
|
|
|a Bez omezení
|
| 653 |
|
|
|a Mikroregion
|
| 653 |
|
|
|a rozvoj cestovního ruchu
|
| 653 |
|
|
|a socioekonomická analýza
|
| 653 |
|
|
|a dotazník
|
| 653 |
|
|
|a SWOT analý-za
|
| 653 |
|
|
|a strategické plánování
|
| 653 |
|
|
|a projekty
|
| 653 |
|
|
|a Microregion
|
| 653 |
|
|
|a development of tourist industry
|
| 653 |
|
|
|a social-economic analysis
|
| 653 |
|
|
|a questionnaire
|
| 653 |
|
|
|a SWOT analysis
|
| 653 |
|
|
|a strategic development
|
| 653 |
|
|
|a projects
|
| 655 |
|
4 |
|a diplomová práce
|
| 700 |
1 |
|
|a Novosák, Jiří
|4 ths
|
| 710 |
2 |
|
|a Univerzita Tomáše Bati ve Zlíně. Fakulta managementu a ekonomiky
|4 dgg
|
| 710 |
2 |
|
|a Tomas Bata University in Zlín. Faculty of Management and Economics
|4 dgg
|
| 856 |
4 |
0 |
|u http://hdl.handle.net/10563/41573
|y Plný text v Digitální knihovně UTB
|